| 000 | 00441nam a2200157 i 4500 | ||
|---|---|---|---|
| 001 | 91212 | ||
| 003 | ES-MaACL | ||
| 005 | 20230906180651.0 | ||
| 007 | t| | ||
| 008 | 050127s1925 fr ||||1| fre d | ||
| 100 | 1 |
_aLe Senne, René. _970932 |
|
| 245 | 1 | 0 |
_aIntroduction a la Philosophie / _cpar R. Le Senne. |
| 260 |
_aParis : _bFélix Alcan, _c1925 ( _eEvreux : _fCh. Hérissey) |
||
| 300 |
_a316 p. ; _c23 cm. |
||
| 852 |
_aES-MaACL _jB-7096 |
||
| 999 |
_c91212 _d91212 |
||